[Event "Santa Eugenia op 12th"]
[Site "Santa Eugenia"]
[Date "2017.08.04"]
[Round "9"]
[White "Rex, Torsten Claus"]
[Black "Gomez, Jose"]
[Result "1/2-1/2"]
[WhiteElo "2053"]
[BlackElo "1925"]
[PlyCount "36"]
[EventDate "2017.07.31"]
[EventType "swiss"]
[EventRounds "9"]
[EventCountry "ESP"]
[SourceTitle "CBM 179 Extra"]
[Source "ChessBase"]
[SourceDate "2017.08.23"]
[SourceVersion "1"]
[SourceVersionDate "2017.08.23"]
[SourceQuality "1"]

1. Nf3 f5 2. b3 d6 3. d4 Nf6 4. Bb2 e6 5. g3 Be7 6. Bg2 0-0 7. 0-0 Qe8 8. Nbd2 Qh5 9. Re1 Nc6 10. a3 Bd7 11. c4 Rac8 12. b4 Nd8 13. Qb3 Kh8 14. Rad1 Nf7 15. e4 fxe4 16. Nxe4 Nxe4 17. Rxe4 Bf6 18. Ree1 b6 1/2-1/2

[Event "Santa Eugenia op 12th"]
[Site "Santa Eugenia"]
[Date "2017.08.02"]
[Round "5"]
[White "Gomez, Jose"]
[Black "Farre I Benseny, Miquel"]
[Result "1/2-1/2"]
[WhiteElo "1925"]
[BlackElo "1607"]
[PlyCount "55"]
[EventDate "2017.07.31"]
[EventType "swiss"]
[EventRounds "9"]
[EventCountry "ESP"]
[SourceTitle "CBM 179 Extra"]
[Source "ChessBase"]
[SourceDate "2017.08.23"]
[SourceVersion "1"]
[SourceVersionDate "2017.08.23"]
[SourceQuality "1"]

1. e4 e6 2. d4 d5 3. Nd2 Nf6 4. e5 Nfd7 5. c3 c5 6. f4 Nc6 7. Ndf3 Qb6 8. Ne2 Be7 9. a3 0-0 10. b4 cxd4 11. cxd4 a5 12. b5 Na7 13. Nc3 f6 14. Na4 Qd8 15. Bd3 Nb6 16. Nxb6 Qxb6 17. Rb1 Bd7 18. a4 Rac8 19. Bd2 Qd8 20. 0-0 b6 21. Rc1 Rxc1 22. Qxc1 Qc8 23. Qb1 f5 24. g4 g6 25. g5 Qd8 26. h4 Kg7 27. Kg2 Rh8 28. Rh1 1/2-1/2

[Event "Figueres Nadal op 6th"]
[Site "Figueres"]
[Date "2016.12.29"]
[Round "5"]
[White "Vidal Palou, Jordi"]
[Black "Gomez, Jose"]
[Result "0-1"]
[WhiteElo "1727"]
[BlackElo "1956"]
[PlyCount "74"]
[EventDate "2016.12.27"]
[EventType "swiss"]
[EventRounds "8"]
[EventCountry "ESP"]
[SourceTitle "CBM 176 Extra"]
[Source "ChessBase"]
[SourceDate "2017.03.02"]
[SourceVersion "1"]
[SourceVersionDate "2017.03.02"]
[SourceQuality "1"]

1. d4 e6 2. Nf3 f5 3. Bg5 Be7 4. Bxe7 Qxe7 5. e3 Qb4+ 6. Nbd2 Qxb2 7. Bd3 Nf6 8. 0-0 d5 9. Ne5 Qa3 10. g4 fxg4 11. Nxg4 Nbd7 12. e4 Nxe4 13. Nxe4 dxe4 14. Bxe4 0-0 15. Bd3 Qe7 16. Qe2 Nf6 17. Nxf6+ Qxf6 18. Kh1 Qf3+ 19. Qxf3 Rxf3 20. Kg2 Rf4 21. c3 Bd7 22. Rae1 Raf8 23. f3 Bc6 24. Re3 g5 25. h3 Kg7 26. Be4 Bxe4 27. Rxe4 Rxe4 28. fxe4 Rxf1 29. Kxf1 Kf6 30. Kg2 b5 31. Kf3 h5 32. a3 c6 33. Kg3 e5 34. Kf3 a5 35. d5 cxd5 36. exd5 Kf5 37. a4 bxa4 0-1

[Event "Can Ninetes op 11th"]
[Site "Can Ninetes"]
[Date "2016.08.01"]
[Round "7"]
[White "Gomez, Jose"]
[Black "Vidal Palou, Jordi"]
[Result "1/2-1/2"]
[WhiteElo "1987"]
[BlackElo "1704"]
[PlyCount "26"]
[EventDate "2016.08.01"]
[EventType "swiss"]
[EventRounds "9"]
[EventCountry "ESP"]
[SourceTitle "CBM 173 Extra"]
[Source "ChessBase"]
[SourceDate "2016.08.29"]
[SourceVersion "1"]
[SourceVersionDate "2016.08.29"]
[SourceQuality "1"]

1. e4 d6 2. d4 e6 3. Nc3 Ne7 4. Bd3 Ng6 5. Nf3 Nc6 6. Be3 Nb4 7. Be2 Be7 8. a3 Na6 9. 0-0 0-0 10. Qd2 b6 11. Rad1 Bb7 12. Rfe1 Nb8 13. Bc4 Nd7 1/2-1/2

[Event "Figueres Nadal op 5th"]
[Site "Figueres"]
[Date "2016.01.02"]
[Round "3"]
[White "Gomez, Jose"]
[Black "Omella Sieso, Marco Antonio"]
[Result "1-0"]
[WhiteElo "1952"]
[BlackElo "1779"]
[PlyCount "69"]
[EventDate "2016.01.02"]
[EventType "swiss"]
[EventRounds "7"]
[EventCountry "ESP"]
[SourceTitle "EXT 2017"]
[Source "ChessBase"]
[SourceDate "2016.10.25"]
[SourceVersion "1"]
[SourceVersionDate "2016.10.25"]
[SourceQuality "1"]

1. e4 c6 2. d4 d5 3. Nd2 dxe4 4. Nxe4 Nf6 5. Nxf6+ gxf6 6. c3 Qc7 7. g3 Bf5 8. Bg2 Nd7 9. Nf3 e6 10. 0-0 Be7 11. Nh4 Bg6 12. Re1 f5 13. Nf3 Bh5 14. Bf4 Bd6 15. Bxd6 Qxd6 16. Qc2 Bxf3 17. Bxf3 0-0-0 18. b4 h5 19. Red1 h4 20. c4 hxg3 21. hxg3 Rdg8 22. c5 Qc7 23. b5 Nf6 24. bxc6 Ne4 25. cxb7+ Kb8 26. Bxe4 fxe4 27. Qxe4 Rxg3+ 28. fxg3 Qxg3+ 29. Kf1 Rh5 30. Rd3 Qh2 31. Re1 Rf5+ 32. Rf3 Qh3+ 33. Ke2 Qg2+ 34. Ke3 Qg5+ 35. Kd3 1-0

[Event "Salon de Provence op 6th"]
[Site "Salon de Provence"]
[Date "2015.07.04"]
[Round "2"]
[White "Gomez, Jose"]
[Black "Baroyan, Davit"]
[Result "0-1"]
[WhiteElo "1967"]
[BlackElo "1978"]
[PlyCount "83"]
[EventDate "2015.07.04"]
[EventType "swiss"]
[EventRounds "9"]
[EventCountry "FRA"]
[SourceTitle "EXT 2016"]
[Source "ChessBase"]
[SourceDate "2015.10.08"]
[SourceVersion "1"]
[SourceVersionDate "2015.10.08"]
[SourceQuality "1"]

1. e4 c5 2. Nf3 d6 3. d4 cxd4 4. Nxd4 Nf6 5. Nc3 a6 6. Bc4 e6 7. Bb3 Be7 8. g4 h6 9. Be3 Nbd7 10. Bxe6 fxe6 11. Nxe6 Qa5 12. Nxg7+ Kf7 13. Nf5 Nxe4 14. Qd4 Ndf6 15. Nxh6+ Rxh6 16. Bxh6 Nxc3 17. bxc3 Bxg4 18. Kd2 Rh8 19. Bf4 Rh3 20. Bg3 Bf3 21. Rhe1 Nd5 22. Rxe7+ Nxe7 23. Qxd6 Qd5+ 24. Qxd5+ Nxd5 25. Rb1 Nf6 26. Rb4 Kg6 27. Ke3 Bc6 28. Rd4 Rh5 29. Bd6 Bd7 30. Kf3 Bf5 31. Rb4 Bxc2 32. Be7 Rf5+ 33. Kg3 Ne4+ 34. Kh3 Nxf2+ 35. Kg3 Be4 36. h4 Rf3+ 37. Kh2 Bc6 38. Rd4 Nd3 39. Rg4+ Kf7 40. Bd6 Nf2 41. Rg2 Rh3+ 42. Kg1 0-1

[Event "Salon de Provence op 6th"]
[Site "Salon de Provence"]
[Date "2015.07.04"]
[Round "9"]
[White "Gomez, Jose"]
[Black "Chauvet, Vincent"]
[Result "0-1"]
[WhiteElo "1967"]
[BlackElo "2146"]
[PlyCount "49"]
[EventDate "2015.07.04"]
[EventType "swiss"]
[EventRounds "9"]
[EventCountry "FRA"]
[SourceTitle "EXT 2016"]
[Source "ChessBase"]
[SourceDate "2015.10.08"]
[SourceVersion "1"]
[SourceVersionDate "2015.10.08"]
[SourceQuality "1"]

1. e4 e5 2. Nf3 Nc6 3. Nc3 Nf6 4. Bb5 Bb4 5. 0-0 0-0 6. d3 d6 7. Ne2 Bg4 8. c3 Bxf3 9. gxf3 Bc5 10. Ng3 Bb6 11. Bxc6 bxc6 12. Kh1 Nd7 13. Nf5 Kh8 14. Rg1 g6 15. Bh6 Rg8 16. Qd2 Qf6 17. Bg5 Qe6 18. Nh6 Rgf8 19. Rg2 f6 20. Be3 f5 21. exf5 gxf5 22. Rag1 Bxe3 23. Qxe3 f4 24. Qe4 d5 25. Qa4 0-1

[Event "Salon de Provence op 6th"]
[Site "Salon de Provence"]
[Date "2015.07.04"]
[Round "8"]
[White "Gomez, Jose"]
[Black "Derige Kane, Yan"]
[Result "1-0"]
[WhiteElo "1967"]
[BlackElo "1940"]
[PlyCount "114"]
[EventDate "2015.07.04"]
[EventType "swiss"]
[EventRounds "9"]
[EventCountry "FRA"]
[SourceTitle "EXT 2016"]
[Source "ChessBase"]
[SourceDate "2015.10.08"]
[SourceVersion "1"]
[SourceVersionDate "2015.10.08"]
[SourceQuality "1"]

1. e4 e5 2. Nf3 Nc6 3. Nc3 Nf6 4. Bb5 d6 5. d4 exd4 6. Nxd4 Bd7 7. Bxc6 bxc6 8. 0-0 Be7 9. Qd3 d5 10. exd5 cxd5 11. Bg5 c5 12. Nf5 Bxf5 13. Qxf5 0-0 14. Rad1 d4 15. Bxf6 Bxf6 16. Qxc5 Qb8 17. Nd5 Qxb2 18. Nxf6+ gxf6 19. Qxd4 Qxd4 20. Rxd4 Rac8 21. c4 Rfe8 22. Rc1 Re2 23. Kf1 Rxa2 24. c5 Ra6 25. Ke2 Kf8 26. Kf3 Rac6 27. Rd5 Ke7 28. Ke4 Rg8 29. g3 Rg4+ 30. f4 Rg8 31. Rh5 Rh8 32. Kd5 Kd7 33. Ra1 a6 34. Rb1 Rc7 35. Rb6 Rhc8 36. Kd4 Ke7 37. Rxa6 Rd8+ 38. Kc4 Rd2 39. Ra5 Rc2+ 40. Kd3 Rc1 41. Ke2 Ke6 42. Kf3 Rc6 43. Kg4 Rc4 44. Rxh7 R4xc5 45. Rxc5 Rxc5 46. Rh8 Rc3 47. Re8+ Kd7 48. Re2 Rc5 49. h4 Rc8 50. Kf5 Rg8 51. g4 Rg6 52. h5 Rh6 53. Ra2 Ke7 54. Ra6 Rh8 55. Ra7+ Kd6 56. Rxf7 Re8 57. Rxf6+ Ke7 1-0